| 000 | 00541nam a2200157 a 4500 | ||
|---|---|---|---|
| 001 | 000013409 | ||
| 005 | 20200929163225.0 | ||
| 008 | 091124s2012 dr ac 000 0 spa d | ||
| 020 | _a9789945430134 | ||
| 040 |
_aDO-SdBNP _bspa _cBNPHU |
||
| 100 | 1 |
_aVásquez Romero, José L. _930658 |
|
| 245 | 1 | 0 |
_aFundamentos de antropología general / _cJosé L. Vásquez Romero. |
| 260 |
_aSanto Domingo, : _bImpresos la Escalera, _c2012. |
||
| 300 |
_a361 p. : _bil., retrs. ; _c28 cm. |
||
| 500 | _aIncluye datos biografícos del autor en la contraportada | ||
| 999 |
_c13035 _d13035 |
||